000 00488nam a2200181 a 4500
001 000002439
005 20200120221801.0
008 990224s1992 sp gr 000 f spa d
090 _aAN
_bSHA
100 0 _aSharpe, Tom
245 1 1 _a¡Animo wilt! /
_cTom Sharpe ; traducción de Marisol de Mora.
260 _aBarcelona :
_bRBA,
_c1992.
300 _a254p.
490 0 _aNarrativa actual; No. 27
650 1 4 _aNovela adulto
650 2 4 _aLiteratura adulto
650 2 4 _aLiteratura inglesa
999 _c246
_d246